000 00713nam a2200253Ia 4500
003 OSt
005 20220927105646.0
006 a|||||r|||| 00| 0
007 ta
008 220926b |||||||| |||| 00| 0 eng d
024 _a186781
037 _cReference Collections
040 _aRTL
_cRTL
_beng
041 _2eng
_aeng
082 _a"X.2.N72<N71r, L2"
110 _aINDIA (Govt of-)
_9374021
245 0 _a"Annual report,1971-72."
260 _aNew
_bDelhi Govt of India
_c1972
300 _a"v,336p."
_ccm.
500 _aAppendix :188-336p.
700 _aINDIA (Govt of-)
_9374022
942 _h"X.2.N72<N71r, L2"
_cCC
999 _c693714
_d693714